000 00919nam a2200229 a 4500
008 120416s1984 ||||||||||||||||| || u
020 _a0865319618
050 _aHM 136 Ber
100 _aBercovitch, Jacob
245 1 0 _aSocial conflict and third parties: strategies of conflict resolution
250 _aA Westview
260 _aBoulder, Colo:
_bWestview Press
_c1984
300 _axv, 163p. : ill
350 _a0.00
490 _aA Westview replica edition
500 _aOriginally presented as the author's thesis (doctoral--London School of Economics and Political Science, 1980) -Includes index. -Bibliography: p. [151]-160.
650 _aSOCIAL INTERACTION
650 0 _aCONFLICT MANAGEMENT
650 _aNEGOTIATION
650 0 _aSOCIAL CONFLICT
995 _D0.00
_FCBU-MAIN LIBRARY (Kitwe)
_H1
_I20.00
_UAVAILABLE
_ZAnnex Low-Usage Collection
999 _c57667
_d57667